000 00576nam a2200169 4500
001 121179
003 ES-MaACL
005 20230906191714.0
007 t|
008 070214s1969 sp r ||||1| spa d
100 1 _aPonson du Terrail, Pierre Alexis de.
_993038
245 1 0 _aRocambole
_b: la herencia misteriosa /
_cPierre Alexis de Ponson du Terrail ; traducción de Antonio Tomás Todolí.
260 _aBarcelona :
_bTaber,
_c1969.
300 _a588 p., 8 lám. :
_bil. ;
_c22 cm.
700 1 _aTomás Todolí, Antonio.
_9110530
852 _aES-MaACL
_jC-38625
_bR.71383
999 _c121179
_d121179